| 000 | 00492nam a2200169 i 4500 | ||
|---|---|---|---|
| 001 | 55467 | ||
| 003 | ES-MaACL | ||
| 005 | 20230906163143.0 | ||
| 007 | t| | ||
| 008 | 030922s1949 sp ||||1| spa d | ||
| 100 | 1 |
_aDerqui Morilla, Fernando. _943794 |
|
| 245 | 1 | 0 |
_a"Nuevos" pilotes de base ancha / _cpor F. Derqui. |
| 250 | _a1ª ed. pública. | ||
| 260 |
_aMadrid : _b[s.n.], _c1949 ( _fGráf. Onofre Alonso) |
||
| 300 |
_a8 p. : _bil. ; _c20 cm. |
||
| 852 |
_aES-MaACL _j1904-F-2 _bR.29075 |
||
| 999 |
_c55467 _d55467 |
||